000
00334 a2200157 4500
001
49929
020
_a
040
_c
Anchieta - Bela Vista
100
_a
Gouveia, Luis Augusto
240
1
0
_a
Energia amiga
_l
por
245
1
0
_a
Energia amiga
300
_a
20
362
0
_a
2003
650
4
_a
Literatura infanto-juvenil
942
_c
BK
999
_c
49929
_d
49929